Keeping love alive. (Record no. 16806)

000 -LEADER
fixed length control field 00490nam a2200169 a 4500
001 - CONTROL NUMBER
control field :::00020092$&:&@@
003 - CONTROL NUMBER IDENTIFIER
control field OkBaRHE
005 - DATE AND TIME OF LATEST TRANSACTION
control field 20011211124515.0
008 - FIXED-LENGTH DATA ELEMENTS--GENERAL INFORMATION
fixed length control field s1978 j 000 0 eng u
040 ## - CATALOGING SOURCE
Transcribing agency
100 1# - MAIN ENTRY--PERSONAL NAME
Personal name Nelson, Elof G.
245 10 - TITLE STATEMENT
Title Keeping love alive.
260 ## - PUBLICATION, DISTRIBUTION, ETC. (IMPRINT)
Place of publication, distribution, etc Minneapolis, MN
Name of publisher, distributor, etc Augsburg Publishing House
Date of publication, distribution, etc 1978
300 ## - PHYSICAL DESCRIPTION
Extent 110 p.
942 ## - ADDED ENTRY ELEMENTS (KOHA)
Source of classification or shelving scheme
Koha item type Books
Copies
Shelving location Damaged status Copy number Price effective from Full call number Lost status Withdrawn status Koha item type Permanent Location Not for loan Source of classification or shelving scheme Barcode Date last seen Date acquired
General Stacks 12010-04-14HQ 734 .N395  BooksRHEMA Bible Training College  200922010-04-142010-04-14